[Event "Niedersachsen-chT U12"]
[Site "Verden an der Aller"]
[Date "2009.05.21"]
[Round "1.3"]
[White "Beier, Alexander"]
[Black "Finke, Maurice"]
[Result "0-1"]
[WhiteElo "784"]
[BlackElo "1284"]
[PlyCount "92"]
[EventDate "2009.05.21"]
[EventType "team-tourn"]
[EventRounds "7"]
[EventCountry "GER"]
[SourceTitle "EXT 2010"]
[Source "ChessBase"]
[SourceDate "2010.11.25"]
[SourceVersion "1"]
[SourceVersionDate "2010.11.25"]
[SourceQuality "1"]
[WhiteTeam "Oesede Georgsmarienhuette"]
[BlackTeam "Wildeshausen"]
[WhiteTeamCountry "GER"]
[BlackTeamCountry "GER"]

1. e4 c5 2. Nf3 e6 3. d4 cxd4 4. Nxd4 Nc6 5. Nf3 Qc7 6. Be3 Nf6 7. Nc3 a6 8. Bc4 Bb4 9. Bd2 Bxc3 10. Bxc3 Nxe4 11. Bd2 0-0 12. Qe2 d5 13. Bd3 Nxd2 14. Qxd2 b5 15. 0-0 Bb7 16. Qg5 Qe7 17. Qh5 h6 18. Ne5 Nb4 19. Be2 Nxc2 20. Rac1 Nd4 21. Bd3 Rac8 22. Rb1 Nc6 23. Nxc6 Bxc6 24. Qe2 Qg5 25. Bc2 Rfd8 26. Qd3 d4 27. g3 Qh5 28. Rbc1 g6 29. Bd1 Qd5 30. f3 Bb7 31. Be2 Rxc1 32. Rxc1 Qxa2 33. Qd2 Qb3 34. Qxh6 Qxb2 35. Rc7 Qxe2 36. Rxb7 Qe3+ 37. Qxe3 dxe3 38. Kf1 Rd2 39. h4 a5 40. Rxb5 Rf2+ 41. Ke1 Rxf3 42. Ke2 Rxg3 43. Rxa5 Rg4 44. Kxe3 Rxh4 45. Kf3 Kg7 46. Kg3 Rh8 0-1